Records du monde - Les choses les plus longues - Statistiques

Statistiques générales
  • Ce quiz a été pris 234 fois
  • Le résultat moyen est 7 sur 20
Statistiques - réponses
Le/La plus long(ue) Longueur Réponse % Correct
Pays (Est - Ouest) 10 564 km Russie
94%
Fleuve dans le monde 6 992 km Amazone
79%
Os du corps humain 50 cm Fémur
73%
Règne en tant que monarque français 72 ans Louis XIV
64%
État des États-Unis 2 128 km Alaska
60%
Côtes (Pays) 202 080 km Canada
56%
Règne en tant que monarque britannique 70 ans Elisabeth II
51%
Fleuve en Europe 3 645 km Volga
51%
Chaîne de montagnes 7 000 km Andes
47%
Temps en tant que numéro 1 mondial aux échecs depuis 1950 19 ans Garry Kasparov
28%
Durée en tant que président des États-Unis 12 ans Franklin Roosevelt
24%
Roman russe 560 000 mots Guerre et Paix
22%
Espèce de reptile 7,67 m Python réticulé
22%
Dictateur le plus longtemps au pouvoir 49 ans Fidel Castro
20%
Mot dans "Mary Poppins" 34 lettres Supercalifragilisticexpialidocious
20%
Distance depuis la Terre (objet humain) 23,4 milliards km Voyager I
13%
Série télé diffusé la plus longtemps en prime-time aux États-Unis 33 ans Les Simpson
10%
Livre de la Bible (en chapitres) 150 Psaumes
4%
Comédie musicale la plus jouée à Broadway 13 725 The Phantom of the Opera
1%
Cavité souterraine 685 km Mammoth cave
0%
Aucun quiz correspondant
Distribution des résultats
% des personnes avec chaque résultat
Percentile par nombre de réponses
Votre historique - résultats
Vous n’avez pas pris ce quiz